000 00302nam a22001337a 4500
008 170606b xxu||||| |||| 00| 0 eng d
020 _a080183192-X
041 _aeng
080 _a32
100 _a18
101 _aSHP
245 _aTRANSITIONS FROM AUTHORITARIAN RULE
_cODONNELL,G
942 _2udc
_cBK
999 _c16199
_d16199